| 000 | 00463nam a2200181Ia 4500 | ||
|---|---|---|---|
| 008 | 230524s9999 xx 000 0 und d | ||
| 020 | _a9789380422084 | ||
| 082 |
_a5.1 _bDAS |
||
| 100 |
_aTanmaya K.Das _942030 |
||
| 245 | 0 | _aFundamentals of Software Engineering | |
| 250 | _a1 | ||
| 260 |
_aNew Delhi _bBK Publication _c2013 |
||
| 300 | _a399p; | ||
| 500 | _aQuantity Number: 1 | ||
| 650 | _aComp-Sc | ||
| 700 |
_a Dillip Mohapatra _942031 |
||
| 942 | _cBK | ||
| 999 |
_c56447 _d56447 |
||